LIBRARY & INFORMATION CENTRE, KCAET, TAVANUR

ONLINE PUBLIC ACCESS CATALOGUE (OPAC)

Dhaka express / (Record no. 18123)

MARC details
000 -LEADER
fixed length control field 00416nam a2200169 4500
003 - CONTROL NUMBER IDENTIFIER
control field OSt
008 - FIXED-LENGTH DATA ELEMENTS--GENERAL INFORMATION
fixed length control field 241005b |||||||| |||| 00| 0 eng d
020 ## - INTERNATIONAL STANDARD BOOK NUMBER
ISBN 9789394753457
041 ## - LANGUAGE CODE
Language code of text/sound track or separate title mal
082 ## - DEWEY DECIMAL CLASSIFICATION NUMBER
Classification number 915.492
Item number SHI/DH
100 ## - MAIN ENTRY--AUTHOR NAME
Personal name Shijukhan
245 ## - TITLE STATEMENT
Title Dhaka express /
260 ## - PUBLICATION, DISTRIBUTION, ETC. (IMPRINT)
Place of publication Thiruvananthapuram :
Name of publisher Chintha Publishers,
Year of publication 2022.
300 ## - PHYSICAL DESCRIPTION
Number of Pages 80p.
650 ## - SUBJECT ADDED ENTRY--TOPICAL TERM
Topical Term Travelogue - Nepal
942 ## - ADDED ENTRY ELEMENTS (KOHA)
Koha item type Books
Holdings
Withdrawn status Lost status Damaged status Home library Current library Date acquired Source of acquisition Cost, normal purchase price Full call number Accession Number Koha item type
      KAUAET KAUAET 05/10/2024 Donated by KT Jaleel MLA 130.00 915.492 SHI/DH 26254 Books
free website counter